Diseño e implementación de un prototipo de sistema de geolocalización para buses
محفوظ في:
| المؤلف الرئيسي: | |
|---|---|
| التنسيق: | كتاب |
| اللغة: | Spanish |
| منشور في: |
2013
|
| الموضوعات: | |
| الوسوم: |
إضافة وسم
لا توجد وسوم, كن أول من يضع وسما على هذه التسجيلة!
|
MARC
| LEADER | 00000nam a22000007a 4500 | ||
|---|---|---|---|
| 003 | 011822 | ||
| 005 | 20221231143904.0 | ||
| 008 | 150324b2013 c a|||| |||| 00| 0 spa d | ||
| 040 | |c cru CEDI | ||
| 090 | |a TFG 6991 | ||
| 100 | |9 668 |a Stahl Leitón, André Govinda | ||
| 245 | |a Diseño e implementación de un prototipo de sistema de geolocalización para buses | ||
| 260 | |c 2013 | ||
| 500 | |a Proyecto de graduación (bachillerato en ingeniería eléctrica)-- Universidad de Costa Rica. Facultad de Ingeniería. Escuela de Ingeniería Eléctrica | ||
| 650 | |x SISTEMA GLOBAL DE POSICIONAMIENTO |x AUTOBUSES |x UNIVERSIDAD DE COSTA RICA |9 669 | ||
| 942 | |c TFG | ||
| 999 | |c 13793 |d 13793 | ||
